000 01646cam a22004454i 4500
003 PE-LiUPU
005 20250731175640.0
008 150706s2008 xxk rb 000 0 spa d
020 _a9781405882156
035 _a(Sirsi) i9781405882156
040 _aPE-LiUPU
_bspa
_cPE-LiUPU
_erda
049 _aPRUA
082 0 4 _a428.6461
_bPR4e
_221
100 1 _aBinchy, Maeve,
_eautor.
245 1 0 _aEvening class /
_cMaeve Binchy, contada por Evadne Adria-Vallance.
264 1 _aHarlow :
_bPearson Education,
_c2008.
300 _avii, 77 páginas ;
_c20 centímetros
300 _a03 CD-ROM
336 _atext
_2rdacontent
337 _aunmediated
_2rdamedia
338 _avolume
_2rdacarrier
490 0 _aPenguin Readers ;
_vLevel 4
505 0 _aAidan -- Signora -- Bill -- Lou -- Connie -- Laddy -- Lou -- Connie -- Laddy -- Fiona -- Viaggio.
526 _aP145
526 _aP127
526 _aP97
526 _aP35
526 _aP14
526 _aP07
541 _g002-0046574;
650 0 4 _aInglés
_vLibros de Lecturas.
700 1 _aAdrian-Vallance, Evadne
700 1 _aCuzik, David,
_eil.
910 _agl
_bjv
_cng
_d20120514
942 _2ddc
_cBOOK
949 _a428.6461 PR4E
_wDEWEY
_c1
_i64626
_lCCODEBUL1
_mBUL
_p5.00
_r0
_sY
_tBOOK
_u2015-7-6
_xEDUCACION
_PP20
_o.STAFF. Colección General
994 _aC0
_bPEPRU
596 _a1
999 _a428.6461 PR4E
_wDEWEY
_c53335
_i64626
_d53335
_e2018-10-21
_f2021-11-8
_g5
_lCCODEBUL1
_mBUL
_n6
_p5.00
_q1
_r0
_sY
_tBOOK
_u2015-7-6
_xEDUCACION
_PP20
_0COMPRA
_o.STAFF. Colección General
980 _81
_gALBERTO SANCHEZ Responsable de Automatización